Little house on the prairie / (Record no. 110958)
[ view plain ]
| 000 -LEADER | |
|---|---|
| fixed length control field | 00429nam a2200157 a 4500 |
| 001 - CONTROL NUMBER | |
| control field | 3684 |
| 005 - DATE AND TIME OF LATEST TRANSACTION | |
| control field | 20140414131906.0 |
| 008 - FIXED-LENGTH DATA ELEMENTS--GENERAL INFORMATION | |
| fixed length control field | 061002s19uu xx 00 eng d |
| 020 ## - INTERNATIONAL STANDARD BOOK NUMBER | |
| International Standard Book Number | 0-06-026445-4 |
| 050 ## - LIBRARY OF CONGRESS CALL NUMBER | |
| Classification number | FIC |
| Item number | W63 1991 |
| 100 ## - MAIN ENTRY--PERSONAL NAME | |
| Personal name | Wilder, Laura Ingalls |
| 245 ## - TITLE STATEMENT | |
| Title | Little house on the prairie / |
| Statement of responsibility, etc | by Laura Ingalls Wilder. |
| 260 ## - PUBLICATION, DISTRIBUTION, ETC. (IMPRINT) | |
| Place of publication, distribution, etc | New York : |
| Name of publisher, distributor, etc | Harper Tropy, |
| Date of publication, distribution, etc | c1991. |
| 300 ## - PHYSICAL DESCRIPTION | |
| Extent | 335 p. ; cm. |
| Withdrawn status | Lost status | Damaged status | Use restrictions | Home library | Current library | Shelving location | Date acquired | Source of acquisition | Total Checkouts | Full call number | Barcode | Date last seen | Price effective from | Koha item type |
|---|---|---|---|---|---|---|---|---|---|---|---|---|---|---|
| Munich Library | Munich Library | Fiction Section | 10/02/2006 | FIC W63 1991 | M1495 | 04/14/2014 | 04/14/2014 | Books |